[Event "ICS rated blitz match"]
[Site "204.178.125.65"]
[Date "1999.11.30"]
[Round "?"]
[White "Hossa"]
[Black "fjolset"]
[Result "1-0"]
[WhiteElo "2477"]
[BlackElo "2138"]
[PlyCount "115"]
[EventDate "1999.??.??"]

1. d4 d5 2. Bg5 f5 3. e3 Nf6 4. c4 e6 5. Nc3 c6 6. Be2 Bd6 7. Nf3 O-O 8. O-O
Qe8 9. Bd3 Ne4 10. Bf4 Qe7 11. Bxd6 Qxd6 12. Rc1 Nd7 13. Re1 Qe7 14. Qa4 Rf6
15. Rc2 Rh6 16. cxd5 exd5 17. Rec1 Ndf6 18. Nd1 Qf7 19. Qa5 Be6 20. Nc3 Qh5 21.
Qc7 Bd7 22. Qxb7 Rf8 23. Qxa7 g5 24. Ne2 g4 25. Nf4 Qf7 26. Ne5 Qe8 27. Nxd7
Nxd7 28. Rxc6 Rxc6 29. Rxc6 Ndf6 30. Qc7 Rf7 31. Qb6 Qf8 32. Bxe4 fxe4 33. Qc5
h5 34. Rc8 Ne8 35. Qb5 Re7 36. Ng6 Qf7 37. Nxe7+ Qxe7 38. Rxe8+ Qxe8 39. Qxe8+
Kg7 40. Qe6 Kf8 41. Qd7 Kg8 42. Qe7 Kh8 43. Qf7 h4 44. Kf1 g3 45. Ke2 gxh2 46.
Qf6+ Kh7 47. Qxh4+ Kg8 48. Qxh2 Kf8 49. Qh7 Ke8 50. Qc7 Kf8 51. Qd7 Kg8 52. Qe7
Kh8 53. Qf6+ Kg8 54. f4 Kh7 55. Qg5 Kh8 56. f5 Kh7 57. f6 Kh8 58. Qg7# {
fjolset checkmated} 1-0

[Event "ICS rated blitz match"]
[Site "204.178.125.65"]
[Date "1999.11.30"]
[Round "?"]
[White "fjolset"]
[Black "Hossa"]
[Result "0-1"]
[WhiteElo "2134"]
[BlackElo "2481"]
[PlyCount "104"]
[EventDate "1999.??.??"]

1. d4 d5 2. e3 c5 3. c3 Nc6 4. f4 e6 5. Bd3 Bd6 6. Nh3 Qh4+ 7. Nf2 Nf6 8. O-O
O-O 9. Nd2 cxd4 10. Nf3 Qh6 11. exd4 Bxf4 12. Bxf4 Qxf4 13. Nh3 Qe3+ 14. Kh1
Ne4 15. Re1 Qh6 16. Bxe4 dxe4 17. Rxe4 Rd8 18. Qe2 Bd7 19. Rh4 Qg6 20. Rf1 f6
21. Nf4 Qf5 22. Rh5 Qxf4 23. Ng5 Qxg5 24. Rxg5 fxg5 25. Qh5 Rf8 26. Rxf8+ Rxf8
27. h4 Rf2 28. hxg5 Rxb2 29. g6 hxg6 30. Qxg6 Rf2 31. a4 Nd8 32. Qg5 Rf8 33.
Qg3 Bxa4 34. Qc7 Bc2 35. Qc5 Nc6 36. c4 Bd3 37. d5 Nd8 38. dxe6 Nxe6 39. Qd5
Bf5 40. Qxb7 a5 41. Qb5 Nf4 42. Qxa5 Be4 43. c5 Bxg2+ 44. Kh2 g6 45. Qb6 g5 46.
c6 g4 47. c7 Bd5 48. Qb8 Be6 49. Qb4 Ne2 50. Qd6 g3+ 51. Kg2 Rf2+ 52. Kh1 52...
Rh2# {fjolset checkmated} 0-1

[Event "ICS Rated blitz match"]
[Site "204.178.125.65"]
[Date "1999.12.01"]
[Round "?"]
[White "Hossa"]
[Black "GaryG"]
[Result "1/2-1/2"]
[WhiteElo "2485"]
[BlackElo "2586"]
[PlyCount "150"]
[EventDate "1999.??.??"]

1. d4 Nf6 2. c4 g6 3. Nc3 d5 4. e3 Bg7 5. cxd5 Nxd5 6. Nf3 O-O 7. e4 Nxc3 8.
bxc3 c5 9. Be3 Bg4 10. Rb1 Bxf3 11. gxf3 Nc6 12. Rxb7 cxd4 13. cxd4 Nxd4 14.
Bxd4 Bxd4 15. Bc4 Rb8 16. Rxb8 Bc3+ 17. Ke2 Qxb8 18. Qb3 Qxb3 19. axb3 Rd8 20.
Rd1 Rxd1 21. Kxd1 Be5 22. h3 Bf4 23. b4 Kg7 24. Kc2 Kf6 25. Kc3 h6 26. Bd5 e6
27. Bc6 Ke7 28. Kd4 f6 29. Kc3 g5 30. Bb7 h5 31. Bc6 Kd6 32. Be8 h4 33. Kd3 a6
34. Ba4 Be5 35. Bb3 Bh2 36. Bc4 Kd7 37. Bxa6 Be5 38. b5 Kc7 39. Kd2 Kb6 40. Kd1
Bf4 41. Ke2 Kc5 42. Kf1 Bc7 43. Kg1 Be5 44. Kh1 Bf4 45. Kg2 Kb6 46. Kf1 Kc7 47.
Ke2 Kd6 48. Bc8 Kc5 49. Bd7 Kb6 50. Bc6 e5 51. Kd3 Kc5 52. Bd7 Kd6 53. Be8 Kc5
54. Bc6 Kd6 55. Ke2 Kc7 56. Kd1 Kb6 57. Be8 Kb7 58. Ke1 Bc1 59. Ke2 Kb6 60. Kd3
Bb2 61. Kc4 Bd4 62. Kd5 Bxf2 63. Ke6 Be3 64. Bc6 Bf4 65. Kxf6 Kc7 66. Ke6 Bg3
67. Be8 Bf4 68. Kd5 Kb7 69. Kc5 Be3+ 70. Kd6 Bf4 71. Bd7 Bg3 72. Bc6+ Kb6 73.
Kd7 Bf2 74. Ke6 Bg3 75. Kd6 75... Bf4 {Game drawn by mutual agreement} 1/2-1/2

[Event "ICS rated blitz match"]
[Site "204.178.125.65"]
[Date "1999.12.01"]
[Round "?"]
[White "GaryG"]
[Black "Hossa"]
[Result "1-0"]
[WhiteElo "2581"]
[BlackElo "2490"]
[PlyCount "67"]
[EventDate "1999.??.??"]

1. c4 e5 2. g3 Bc5 3. Nc3 Ne7 4. Bg2 d6 5. Na4 Bb4 6. a3 Ba5 7. b4 Bb6 8. Nxb6
axb6 9. d4 exd4 10. Qxd4 O-O 11. Bb2 Nf5 12. Qc3 Qe7 13. e4 f6 14. Nh3 Nh6 15.
Nf4 f5 16. O-O fxe4 17. Bxe4 c6 18. Rae1 Qd7 19. Qd3 Nf5 20. g4 Nh4 21. Ne6 Rf7
22. Ng5 Qxg4+ 23. Kh1 Bf5 24. Rg1 Qf4 25. Bxf5 Na6 26. Be6 Ng6 27. Bxf7+ Qxf7
28. Qh3 h5 29. Nxf7 Ne5 30. Bxe5 dxe5 31. Nh6+ Kh8 32. Qg3 g6 33. Qxg6 Nxb4 34.
Qg7# {Hossa checkmated} 1-0

[Event "ICS rated blitz match"]
[Site "204.178.125.65"]
[Date "1999.12.01"]
[Round "?"]
[White "Falke"]
[Black "Hossa"]
[Result "1-0"]
[WhiteElo "2364"]
[BlackElo "2478"]
[PlyCount "117"]
[EventDate "1999.??.??"]

1. d4 d5 2. c4 e6 3. Nc3 Nf6 4. Bf4 Bb4 5. e3 Ne4 6. Qc2 g5 7. cxd5 exd5 8. Bg3
h5 9. Bb5+ c6 10. Bd3 Nxg3 11. hxg3 Nd7 12. Qd1 Qa5 13. Qd2 Nb6 14. Be2 Na4 15.
Rc1 Qb6 16. Qc2 Qa5 17. Rxh5 Rxh5 18. Bxh5 Nxc3 19. bxc3 Ba3 20. Rb1 c5 21. Nf3
cxd4 22. Nxd4 g4 23. Qh7 Qxc3+ 24. Kd1 Qc7 25. Nb5 Qd7 26. Nxa3 Kf8 27. Rb4 Qf5
28. Qxf5 Bxf5 29. Rxb7 f6 30. Rf7+ Kg8 31. Rxf6 Rf8 32. Rxf8+ Kxf8 33. Nb5 a5
34. Nc7 Bb1 35. Bxg4 Bxa2 36. Be6 Bb1 37. Nxd5 a4 38. Nc3 Ke7 39. Nxb1 Kxe6 40.
Ke2 Kf6 41. Kd3 Ke7 42. f4 Kf6 43. g4 Ke7 44. e4 Kd6 45. Kd4 Kc6 46. g5 Kd7 47.
f5 Ke7 48. g6 Kf6 49. e5+ Kg7 50. e6 a3 51. Nxa3 Kf6 52. g4 Kg5 53. e7 Kxg4 54.
g7 Kf3 55. Nc2 Kg2 56. g8=Q+ Kf3 57. e8=Q Kf2 58. Qe3+ Kf1 59. Qf3# {
Hossa checkmated} 1-0

[Event "ICS rated blitz match"]
[Site "204.178.125.65"]
[Date "1999.12.01"]
[Round "?"]
[White "Hossa"]
[Black "Falke"]
[Result "1-0"]
[WhiteElo "2457"]
[BlackElo "2385"]
[PlyCount "117"]
[EventDate "1999.??.??"]

1. d4 Nf6 2. c4 e6 3. g3 c5 4. d5 Bd6 5. dxe6 dxe6 6. Nf3 Nc6 7. Bg2 O-O 8. O-O
e5 9. Nc3 Bf5 10. Re1 Be7 11. Nd5 Be4 12. Nxe7+ Qxe7 13. Bg5 Qe6 14. Bxf6 Qxf6
15. Qd2 b6 16. Qe3 Bf5 17. Ng5 Rae8 18. Ne4 Qe6 19. Ng5 Qg6 20. Nf3 Nd4 21. Nh4
Qf6 22. Nxf5 Nxf5 23. Qa3 Re7 24. Qd3 Nd6 25. Rad1 Rd7 26. Bc6 Rdd8 27. Bd5 e4
28. Bxe4 Nxe4 29. Qxe4 Rxd1 30. Rxd1 Qxb2 31. Qe7 g6 32. Qxa7 Qxe2 33. Qa4 Re8
34. Qb3 Re4 35. Rc1 Kg7 36. a3 Re6 37. Qc3+ Kg8 38. Qb3 Rd6 39. Rb1 h6 40. h4
Re6 41. Rd1 Rf6 42. Rd8+ Kh7 43. Qe3 Qxc4 44. Qe8 Qc1+ 45. Kg2 Rxf2+ 46. Kxf2
Qb2+ 47. Kg1 Qb1+ 48. Kg2 Qc2+ 49. Kf1 Qc1+ 50. Ke2 Qc2+ 51. Rd2 Qc4+ 52. Kf2
b5 53. Qf8 h5 54. Qe7 Kg7 55. Qe5+ f6 56. Qe7+ Qf7 57. Qxc5 g5 58. Qxb5 Qa7+
59. Ke2 {Falke resigns} 1-0

[Event "ICS rated blitz match"]
[Site "204.178.125.65"]
[Date "1999.12.01"]
[Round "?"]
[White "Hossa"]
[Black "PostModernist"]
[Result "0-1"]
[WhiteElo "2470"]
[BlackElo "2546"]
[PlyCount "146"]
[EventDate "1999.??.??"]

1. d4 Nf6 2. c4 e6 3. g3 d5 4. cxd5 exd5 5. Nc3 c6 6. Nf3 Bd6 7. Bg2 O-O 8. O-O
Nbd7 9. Bg5 Re8 10. Rc1 Nb6 11. Re1 Bf5 12. Qb3 h6 13. Bxf6 Qxf6 14. a4 Bg4 15.
Red1 Rab8 16. Qa2 Qe6 17. a5 Nd7 18. a6 Bh3 19. axb7 Rxb7 20. Na4 Rc7 21. Nc3
Nf6 22. e3 Bxg2 23. Kxg2 Ne4 24. Qb3 Nxc3 25. Rxc3 Rec8 26. Rdc1 a5 27. R3c2
Qg6 28. Qb6 Bb4 29. Qa6 Qe6 30. Ne5 c5 31. Qxe6 fxe6 32. dxc5 Rxc5 33. Rxc5
Rxc5 34. Rxc5 Bxc5 35. g4 g5 36. Nc6 Bb6 37. h4 Kf7 38. hxg5 hxg5 39. Kf3 Kf6
40. Ke2 e5 41. Nb8 Ke6 42. Na6 Kd6 43. Kd3 e4+ 44. Kc2 d4 45. Kd2 dxe3+ 46.
fxe3 Kc6 47. b4 Kb5 48. Nb8 Bxe3+ 49. Kxe3 a4 50. Nd7 a3 51. Nc5 Kxb4 52. Nxe4
a2 53. Nxg5 a1=Q 54. Nf3 Qc3+ 55. Kf4 Kc4 56. g5 Kd5 57. Kg4 Qb4+ 58. Kh5 Qf4
59. Nh4 Qg3 60. Ng6 Qh3+ 61. Nh4 Ke5 62. g6 Qg3 63. g7 Kf6 64. Nf3 Qxf3+ 65.
Kh4 Kxg7 66. Kg5 Qe4 67. Kh5 Qg6+ 68. Kh4 Qg2 69. Kh5 Kf6 70. Kh4 Qg5+ 71. Kh3
Qg1 72. Kh4 Qg2 73. Kh5 73... Qg5# {Hossa checkmated} 0-1

[Event "ICS rated blitz match"]
[Site "204.178.125.65"]
[Date "1999.12.01"]
[Round "?"]
[White "PostModernist"]
[Black "Hossa"]
[Result "1-0"]
[WhiteElo "2559"]
[BlackElo "2457"]
[PlyCount "247"]
[EventDate "1999.??.??"]

1. d4 Nf6 2. c4 e6 3. Nf3 b6 4. g3 Ba6 5. b3 Bb7 6. Bg2 Bb4+ 7. Bd2 a5 8. O-O
O-O 9. Qc2 h6 10. Nc3 Qe7 11. e3 Rd8 12. Rfe1 c5 13. a3 Bxc3 14. Bxc3 Be4 15.
Qb2 Nc6 16. dxc5 bxc5 17. Bxf6 Qxf6 18. Qxf6 gxf6 19. Nd2 Bxg2 20. Kxg2 d6 21.
Ne4 f5 22. Nc3 Rab8 23. Rab1 f6 24. Nb5 Kf7 25. Rbd1 d5 26. cxd5 exd5 27. a4
Nb4 28. Rd2 Ke6 29. h4 Rdc8 30. Red1 Ke5 31. Nc3 Rd8 32. Ne2 Rd7 33. Nf4 Rb6
34. Rc1 Kd6 35. Kf3 Rb8 36. Rcd1 Ke5 37. h5 Rd6 38. Rc1 Rc6 39. Kg2 Rc7 40.
Rcd1 Rd7 41. f3 Rdd8 42. Kf2 Rb6 43. Kg1 Rdd6 44. Rc1 Rdc6 45. Kh2 Rb7 46. Rcd1
Rd6 47. Kg2 Rdd7 48. Kf2 Rb8 49. Kg1 Rdd8 50. Kg2 Rd7 51. Kf1 Rdd8 52. Ke1 Rb7
53. Ke2 Rbb8 54. Rc1 Kd6 55. Rc3 Re8 56. Kf2 Kc6 57. Ng6 Kb6 58. Nh4 Re5 59. f4
Re4 60. Nxf5 Rh8 61. g4 Re6 62. Kf3 Ree8 63. Rc1 Kc6 64. Nd4+ Kb6 65. Nc2 Nxc2
66. Rdxc2 Rc8 67. Rd1 Rcd8 68. Rc3 Rhe8 69. Rdc1 Rc8 70. R1c2 Re4 71. Rd2 Kc6
72. Rd1 Rce8 73. Kf2 Rc8 74. Rcd3 Rd8 75. Kf3 Rd7 76. Rc3 Rde7 77. Kf2 Rc7 78.
Rcd3 Rd7 79. Rc1 Kd6 80. Kg2 Rd8 81. Rcd1 Kc6 82. Rc3 Kd6 83. Rdc1 Rc8 84. Kg3
Rc7 85. Kf3 Rb4 86. Rd1 Rc8 87. Rcd3 Ke6 88. Rxd5 Rc7 89. R1d3 Rb6 90. f5+ Kf7
91. Rd7+ Rxd7 92. Rxd7+ Kg8 93. Rd5 Rc6 94. Rd8+ Kf7 95. Ra8 c4 96. bxc4 Rc5
97. e4 Rxc4 98. Rxa5 Rc3+ 99. Kf4 Rc1 100. Ra7+ Kg8 101. a5 Ra1 102. Kg3 Kf8
103. Kf2 Ke8 104. a6 Ra2+ 105. Kf3 Ra1 106. Ra8+ Kd7 107. a7 Rf1+ 108. Ke3 Re1+
109. Kd2 Rh1 110. Rd8+ Kxd8 111. a8=Q+ Kc7 112. Qa7+ Kd8 113. Qb6+ Kd7 114.
Qxf6 Rh2+ 115. Ke3 Rg2 116. Qd4+ Ke8 117. Qe5+ Kf8 118. f6 Rg3+ 119. Kf4 Rf3+
120. Kxf3 Kg8 121. Qe6+ Kh8 122. Qe8+ Kh7 123. Qf7+ Kh8 124. Qg7# {
Hossa checkmated} 1-0

[Event "ICS rated blitz match"]
[Site "204.178.125.65"]
[Date "1999.12.01"]
[Round "?"]
[White "PackMaster"]
[Black "Hossa"]
[Result "0-1"]
[WhiteElo "2534"]
[BlackElo "2446"]
[PlyCount "270"]
[EventDate "1999.??.??"]

1. e4 e6 2. d4 d5 3. Nd2 c5 4. Ngf3 cxd4 5. exd5 Qxd5 6. Bc4 Qc5 7. O-O Nc6 8.
Qe2 Be7 9. Nb3 Qd6 10. Bb5 Nf6 11. Nfxd4 O-O 12. Rd1 Qc7 13. Nxc6 bxc6 14. Qc4
Bb7 15. Bf4 e5 16. Bg5 Rad8 17. Ba4 Rxd1+ 18. Rxd1 Rd8 19. Re1 Rd5 20. Be3 c5
21. Nd2 e4 22. Qe2 Bd6 23. Nf1 c4 24. Bd2 Be5 25. Ne3 Rd8 26. Nxc4 Bxh2+ 27.
Kh1 Rd4 28. Bb3 Ba6 29. Ba5 Qc6 30. Rd1 Rxd1+ 31. Qxd1 Bf4 32. Qd8+ Qe8 33.
Qxe8+ Nxe8 34. Bc3 Bb5 35. Bd4 a6 36. a4 Bc6 37. Ne5 Bxe5 38. Bxe5 Bd7 39. a5
Bc6 40. Bc4 Bb7 41. c3 Kf8 42. Kh2 Ke7 43. Bd4 Nd6 44. Be2 Nf5 45. Bc5+ Ke6 46.
Bc4+ Kf6 47. g4 Nh4 48. Bb6 Nf3+ 49. Kg3 Kg6 50. Kf4 Ne1 51. Bd4 Nd3+ 52. Bxd3
exd3 53. Ke3 Bc8 54. f3 Bb7 55. f4 Bc8 56. f5+ Kg5 57. Bxg7 Kxg4 58. Kxd3 Bxf5+
59. Ke2 Be6 60. Bh6 Kh5 61. Bd2 f5 62. Kf3 Bb3 63. Bf4 Bf7 64. Bd6 Kg5 65. Be7+
Kg6 66. Ke3 Bb3 67. Kf4 Kf7 68. Bc5 Kf6 69. Bd4+ Kg6 70. Be5 h5 71. Kg3 Bd5 72.
Bd6 Bg8 73. Kh4 Bc4 74. Bf4 Bb3 75. Kg3 Be6 76. Kg2 h4 77. Be3 Bd5+ 78. Kh3 Kh5
79. Bc1 Bc4 80. Bd2 Bf1+ 81. Kh2 Bd3 82. Bf4 Kg4 83. Be5 Bc4 84. Bd4 f4 85. Bf2
Be6 86. Bc5 Bd5 87. Bd4 Bb3 88. Kg1 h3 89. Kh2 Bf7 90. Bb6 Bc4 91. Bc5 Ba2 92.
Bf2 Bd5 93. Be1 Bc4 94. Bd2 Be6 95. Be1 Bd5 96. Bd2 Bc4 97. Kg1 Kg3 98. Be1+
Kf3 99. Bd2 Ke4 100. Be1 Ke3 101. Kh2 f3 102. Kxh3 f2 103. Bxf2+ Kxf2 104. Kg4
Ke3 105. Kf5 Kd3 106. Ke5 Kc2 107. Kd4 Kb3 108. Kc5 Bb5 109. Kd5 Be2 110. Kc5
Kxb2 111. Kb4 Bd3 112. c4 Be2 113. c5 Bb5 114. c6 Bxc6 115. Kc4 Bb5+ 116. Kb4
Be2 117. Kc5 Kc3 118. Kd5 Bd3 119. Kc5 Bc4 120. Kb6 Kb4 121. Kc6 Bf1 122. Kb6
Bb5 123. Kb7 Kxa5 124. Kc7 Kb4 125. Kd6 Kc4 126. Ke6 a5 127. Kf6 a4 128. Kf7 a3
129. Ke6 a2 130. Kd6 a1=Q 131. Ke6 Be8 132. Kf5 Qg7 133. Ke4 Bh5 134. Kf5 Kd5
135. Kf4 135... Qe5# {PackMaster checkmated} 0-1

[Event "ICS rated blitz match"]
[Site "204.178.125.65"]
[Date "1999.12.01"]
[Round "?"]
[White "Hossa"]
[Black "robbok1"]
[Result "0-1"]
[WhiteElo "2466"]
[BlackElo "2392"]
[PlyCount "216"]
[EventDate "1999.??.??"]

1. d4 Nf6 2. c4 c5 3. d5 b5 4. Nf3 b4 5. Nbd2 d6 6. e4 g6 7. e5 dxe5 8. Nxe5
Nbd7 9. Nc6 Qc7 10. a3 Bb7 11. axb4 cxb4 12. Na5 Bc8 13. Qe2 Nc5 14. Nab3 e6
15. d6 Qxd6 16. Nxc5 Qxc5 17. Ne4 Nxe4 18. Qxe4 Rb8 19. Be3 Bb7 20. Qf4 Bd6 21.
Bxc5 Bxf4 22. Rxa7 Be5 23. b3 Bc3+ 24. Ke2 Kd7 25. Be3 Rhd8 26. Bb6 Rdc8 27. g4
Ke8 28. Rg1 Be5 29. g5 Be4 30. c5 Bd5 31. Ke3 Bxh2 32. Bb5+ Kf8 33. Rb1 Ra8 34.
Rd7 Ra2 35. Bd8 Be5 36. f4 Bc3 37. Be7+ Kg7 38. Kd3 Rb8 39. Bc4 Bc6 40. Rd6 Rc8
41. Ke3 h6 42. gxh6+ Kxh6 43. Rbd1 Rh2 44. Ba6 Rc7 45. Bg5+ Kg7 46. Bd8 Rh3+
47. Kf2 Rh2+ 48. Kg3 Ra2 49. Bxc7 Rxa6 50. Bd8 Kf8 51. Kh3 Kg8 52. Be7 f6 53.
Kh4 Kf7 54. Bd8 Bf3 55. Rd7+ Kf8 56. Be7+ Ke8 57. Rd8+ Kf7 58. R1d7 e5 59. Bd6+
Ke6 60. fxe5 Be1+ 61. Kh3 Ra2 62. Rf7 Kxf7 63. e6+ Kg7 64. e7 Bg2+ 65. Kg4 f5+
66. Kg5 Bc6 67. e8=N+ Kf7 68. Nc7 Bd2+ 69. Kh4 Be1+ 70. Kg5 Bd2+ 71. Kh4 Bh6
72. Be5 Be3 73. Bd6 g5+ 74. Kh5 Bf3+ 75. Kh6 g4+ 76. Kh7 Kf6 77. Rg8 Bxc5 78.
Rf8+ Kg5 79. Ne6+ Kh4 80. Bxc5 Be4 81. Bxb4 Ra7+ 82. Kh8 g3 83. Bc5 Ra8 84.
Rxa8 Bxa8 85. Kg7 Kg4 86. Nc7 Bc6 87. b4 f4 88. b5 Bb7 89. Ne8 f3 90. Nd6 Bd5
91. b6 f2 92. b7 Bxb7 93. Nc4 Kf3 94. Ne3 g2 95. Nxg2 f1=Q 96. Nh4+ Ke4 97. Be7
Qg1+ 98. Kh6 Bd5 99. Ng6 Bf7 100. Nh4 Qd4 101. Kh7 Qe5 102. Bd8 Qh5+ 103. Kg7
Be8 104. Kg8 Qf7+ 105. Kh8 Bd7 106. Ng6 Qxg6 107. Bg5 Bf5 108. Be7 108... Qh7#
{Hossa checkmated} 0-1

[Event "ICS rated standard match"]
[Site "204.178.125.65"]
[Date "1999.12.01"]
[Round "?"]
[White "Hossa"]
[Black "star"]
[Result "1-0"]
[WhiteElo "2204"]
[BlackElo "2389"]
[PlyCount "157"]
[EventDate "1999.??.??"]

1. e4 e5 2. Nf3 d6 3. d4 Nd7 4. Bc4 c6 5. O-O Be7 6. Be3 Ngf6 7. Nbd2 O-O 8. c3
Ng4 9. Qb3 Nb6 10. Bd3 Be6 11. Qc2 Nxe3 12. fxe3 Qc7 13. b3 Rfe8 14. a4 a5 15.
Nc4 Nd7 16. Rac1 Rec8 17. Rcd1 b5 18. Nb2 bxa4 19. Nxa4 Rcb8 20. d5 Bg4 21. h3
Bh5 22. dxc6 Qxc6 23. Rf2 Bg6 24. Ra1 Qb7 25. Rb1 Bd8 26. Nd2 Bg5 27. Nc4 Qc6
28. Rf3 Nf6 29. Nd2 Bh5 30. g4 Bg6 31. Re1 Bh4 32. Ref1 h5 33. gxh5 Bxh5 34.
Kg2 Re8 35. Rf5 Bg6 36. R5f3 Rad8 37. c4 Qb7 38. Nc3 Qa7 39. Nd5 Rc8 40. Nxf6+
gxf6 41. Rg1 Bg5 42. Nf1 Qb6 43. Rh1 d5 44. h4 dxc4 45. bxc4 Bh6 46. Nh2 Bg7
47. Ng4 Qe6 48. Rg3 Kh8 49. h5 Bh7 50. Rf1 f5 51. exf5 Qc6+ 52. Kg1 e4 53. Be2
Rb8 54. h6 Bf6 55. c5 Rb2 56. Qc4 Rg8 57. Rg2 Rg5 58. Rd1 Bxf5 59. Rd6 Rb1+ 60.
Kf2 Rxg4 61. Rxg4 Qc7 62. Rf4 Be6 63. Qxe4 Rb4 64. Qf3 Rxf4 65. Qxf4 Qe7 66.
Ra6 Bh4+ 67. Kf3 Bd5+ 68. Kg4 Be4 69. Bc4 Be1 70. Qf6+ Qxf6 71. Rxf6 a4 72. c6
Ba5 73. Rxf7 Bb4 74. c7 Bb7 75. Kg5 Bd6 76. Rd7 Bf8 77. Rd8 Kh7 78. Rxf8 Ba6
79. Bxa6 {star resigns} 1-0

[Event "ICS Rated blitz match"]
[Site "204.178.125.65"]
[Date "1999.12.01"]
[Round "?"]
[White "MissSilicon"]
[Black "Hossa"]
[Result "1-0"]
[WhiteElo "2714"]
[BlackElo "2447"]
[PlyCount "157"]
[EventDate "1999.??.??"]

1. d4 d5 2. c4 Nc6 3. Nf3 Bg4 4. cxd5 Qxd5 5. Nc3 Qa5 6. e3 Nf6 7. Bb5 a6 8.
Bxc6+ bxc6 9. Qb3 Bxf3 10. gxf3 Qb6 11. Qc2 e6 12. O-O Rd8 13. e4 Bb4 14. Na4
Qb5 15. Rd1 O-O 16. Bf4 Qh5 17. Kg2 Bd6 18. Bxd6 cxd6 19. Qxc6 a5 20. Rac1 Qg5+
21. Kh1 d5 22. e5 Nh5 23. Nb6 Nf4 24. Rg1 Qh5 25. Rg4 Ne2 26. Kg2 Nxc1 27. Qxc1
Qf5 28. Qc3 Qb1 29. Qa3 Rfe8 30. b3 Qe1 31. Qc5 Qb4 32. Qc7 h5 33. Rf4 Qe7 34.
Qxe7 Rxe7 35. Rh4 Rc7 36. Na4 Rc2 37. a3 g6 38. Nc5 Rb8 39. Kf1 Ra2 40. a4 Rc2
41. Kg2 Rb4 42. Kg3 Kg7 43. h3 Kg8 44. Kg2 Kh8 45. Kg3 Kg7 46. Kg2 Rc3 47. Kg3
Kg8 48. Kg2 Kh7 49. Rf4 Kg7 50. Rh4 Rb8 51. Rf4 Rc2 52. h4 Rb4 53. Kg3 Rc3 54.
Kg2 g5 55. hxg5 Rc2 56. Rh4 Rd2 57. Rf4 Rbxd4 58. Rf6 Rc2 59. Nb7 Rdd2 60. Nd8
Rxf2+ 61. Kg3 Rg2+ 62. Kf4 Rc7 63. Rxe6 Rb2 64. Rb6 Rc3 65. e6 fxe6 66. Nxe6+
Kf7 67. Nd4 Rf2 68. g6+ Ke7 69. Ke5 Rd2 70. g7 Kf7 71. Rb7+ Kg8 72. Nf5 Kh7 73.
Nh6 Re3+ 74. Kd6 Kxh6 75. g8=Q Re6+ 76. Kxe6 Re2+ 77. Kd6 Re7 78. Rxe7 d4 79.
Qg7# {Hossa checkmated} 1-0

[Event "ICS rated blitz match"]
[Site "204.178.125.65"]
[Date "1999.12.01"]
[Round "?"]
[White "Hossa"]
[Black "brutus"]
[Result "1-0"]
[WhiteElo "2441"]
[BlackElo "2108"]
[PlyCount "53"]
[EventDate "1999.??.??"]

1. e4 e6 2. d4 d5 3. Nc3 Nf6 4. e5 Nfd7 5. f4 c5 6. Nf3 Nc6 7. Be3 cxd4 8. Nxd4
Bc5 9. Qd2 a6 10. Be2 Nxd4 11. Bxd4 b5 12. O-O Qb6 13. Bxc5 Qxc5+ 14. Rf2 O-O
15. Bg4 g6 16. Ne2 Bb7 17. Nd4 Nb8 18. Bxe6 fxe6 19. Nxe6 Qb6 20. Nxf8 Kxf8 21.
f5 gxf5 22. Qd3 Bc8 23. Qxd5 Nc6 24. e6 Ra7 25. Qxf5+ Ke7 26. Qf6+ Kd6 27. e7+
{brutus resigns} 1-0

[Event "ICS rated blitz match"]
[Site "204.178.125.65"]
[Date "1999.12.01"]
[Round "?"]
[White "brutus"]
[Black "Hossa"]
[Result "0-1"]
[WhiteElo "2104"]
[BlackElo "2445"]
[PlyCount "28"]
[EventDate "1999.??.??"]

1. e4 e6 2. d4 d5 3. Nc3 Nf6 4. e5 Nfd7 5. f4 a6 6. Nf3 b5 7. Bd3 c5 8. dxc5
Nxc5 9. O-O Nc6 10. Ne2 Nxd3 11. cxd3 Be7 12. Ned4 Nxd4 13. Nxd4 Qb6 14. Be3
14... Bc5 {brutus resigns} 0-1

[Event "ICS rated blitz match"]
[Site "204.178.125.65"]
[Date "1999.12.01"]
[Round "?"]
[White "Hossa"]
[Black "Rookco"]
[Result "1-0"]
[WhiteElo "2449"]
[BlackElo "2135"]
[PlyCount "59"]
[EventDate "1999.??.??"]

1. e4 c5 2. d4 cxd4 3. c3 Nf6 4. e5 Nd5 5. Nf3 Nc6 6. Bc4 Nb6 7. Bb3 d6 8. cxd4
dxe5 9. Nxe5 Nxe5 10. dxe5 Qxd1+ 11. Bxd1 Bf5 12. Nc3 e6 13. Bf3 O-O-O 14. Bg5
Rd7 15. O-O Kb8 16. Rfd1 Bb4 17. Nb5 h6 18. Bf4 Rhd8 19. Rxd7 Rxd7 20. Rc1 Bd2
21. Bxd2 Rxd2 22. Rc7 Nd5 23. Rxf7 b6 24. Rf8+ Kb7 25. Nd6+ Ka6 26. Nxf5 exf5
27. Rd8 Rxb2 28. Rxd5 Rxa2 29. e6 Ra1+ 30. Bd1 {Rookco resigns} 1-0

[Event "ICS Rated standard match"]
[Site "204.178.125.65"]
[Date "1999.12.01"]
[Round "?"]
[White "star"]
[Black "Hossa"]
[Result "1-0"]
[WhiteElo "2380"]
[BlackElo "2228"]
[PlyCount "119"]
[EventDate "1999.??.??"]

1. d4 Nf6 2. c4 c5 3. d5 b5 4. cxb5 a6 5. b6 Qxb6 6. Nc3 Qb4 7. a3 Qg4 8. Nf3
d6 9. h3 Qg6 10. e4 Nfd7 11. h4 Qh5 12. Be2 Ne5 13. Ng5 Qg6 14. f4 h6 15. Bh5
Qxh5 16. Qxh5 Bg4 17. Nxf7 Bxh5 18. Nxh8 Nd3+ 19. Kd2 Nxf4 20. g3 Ng6 21. Nxg6
Bxg6 22. Kc2 Nd7 23. Bf4 c4 24. h5 Bf7 25. Be3 Rb8 26. Bd4 Rb3 27. Rag1 a5 28.
g4 Nf6 29. g5 Nd7 30. Ne2 hxg5 31. Rxg5 Nf6 32. Nc3 Bg8 33. Rh4 Kf7 34. e5 Bh7+
35. Kc1 dxe5 36. Bxe5 g6 37. hxg6+ Bxg6 38. Bc7 Bd3 39. Bxa5 e6 40. d6 Bxd6 41.
Nb5 Bg3 42. Rxg3 Rxb5 43. Bc3 Rf5 44. Bxf6 Rxf6 45. Rg2 Rf1+ 46. Kd2 e5 47. Rh6
e4 48. Rh5 Ra1 49. Re5 Kf6 50. Ra5 Rb1 51. Ke3 Rd1 52. a4 Ra1 53. Ra6+ Kf5 54.
Rc6 Re1+ 55. Kd4 Rd1 56. Rf2+ Kg5 57. Ke5 Bf1 58. Rf5+ Kh4 59. Rh6+ Kg3 60.
Rg6+ {Hossa resigns} 1-0

[Event "ICS rated blitz match"]
[Site "204.178.125.65"]
[Date "1999.12.01"]
[Round "?"]
[White "Hossa"]
[Black "PostModernist"]
[Result "0-1"]
[WhiteElo "2458"]
[BlackElo "2561"]
[PlyCount "130"]
[EventDate "1999.??.??"]

1. e4 c6 2. d4 d5 3. e5 c5 4. dxc5 e6 5. Be3 Nh6 6. Qd2 Nf5 7. b4 a5 8. Bf4
axb4 9. Qxb4 Qc7 10. Nf3 Bxc5 11. Qd2 Nc6 12. c3 Na5 13. Bb5+ Bd7 14. Qb2 Nc4
15. Bxc4 dxc4 16. O-O O-O 17. Rd1 Ba4 18. Re1 Bc6 19. Nbd2 b5 20. Bg5 h6 21.
Be3 Nxe3 22. fxe3 Rfd8 23. Nd4 Bd5 24. Nxb5 Qxe5 25. Nd4 Qf6 26. Kh1 Rab8 27.
Qc1 e5 28. N4f3 e4 29. Nd4 Qh4 30. Re2 Bd6 31. Nf1 g6 32. Rd2 Qg5 33. Qe1 Bc7
34. Rad1 Ba5 35. Ne2 Bb7 36. Rxd8+ Rxd8 37. Rxd8+ Qxd8 38. Kg1 Qd3 39. Kf2 Kg7
40. Qc1 h5 41. Qb2 Bc6 42. Nd2 Bc7 43. g3 g5 44. a3 h4 45. Nf1 Bd7 46. gxh4
gxh4 47. Nc1 Qd6 48. Kg2 Qf6 49. Qe2 Qxc3 50. Qd1 Be6 51. Ne2 Qd3 52. Qd2 Be5
53. Qe1 c3 54. a4 c2 55. Nc1 h3+ 56. Kg1 Qd1 57. Qh4 f6 58. Qxe4 Qxc1 59. Qc6
Qd1 60. Qxe6 Qxf1+ 61. Kxf1 c1=Q+ 62. Ke2 Qc2+ 63. Kf1 Qg2+ 64. Ke1 Bc3+ 65.
Kd1 65... Qd2# {Hossa checkmated} 0-1

[Event "ICS Rated blitz match"]
[Site "204.178.125.65"]
[Date "1999.12.01"]
[Round "?"]
[White "Quanny"]
[Black "Hossa"]
[Result "1/2-1/2"]
[WhiteElo "2823"]
[BlackElo "2447"]
[PlyCount "142"]
[EventDate "1999.??.??"]

1. d4 Nf6 2. c4 e6 3. Nc3 Bb4 4. e3 O-O 5. Bd3 c5 6. Nf3 d5 7. O-O cxd4 8. exd4
dxc4 9. Bxc4 Nc6 10. Bg5 Be7 11. Rc1 Bd7 12. Qd2 Rc8 13. Bd3 Nb4 14. Ne5 Nfd5
15. Bxe7 Nxe7 16. Be4 Bc6 17. f4 Bxe4 18. Nxe4 Rxc1 19. Rxc1 Nxa2 20. Ra1 Qd5
21. Nc5 b6 22. b4 Nxb4 23. Ncd7 Rc8 24. Nxb6 axb6 25. Qxb4 Qe4 26. Qxb6 Qe3+
27. Kf1 Qxf4+ 28. Kg1 Qe3+ 29. Kf1 Nf5 30. Qc5 Qf4+ 31. Nf3 Qb8 32. Qa3 Rd8 33.
Qc3 Qd6 34. Qc5 Qf4 35. Qe5 Qxe5 36. dxe5 f6 37. Ra6 Ne3+ 38. Kf2 Ng4+ 39. Kg3
Nxe5 40. Nxe5 fxe5 41. Rxe6 Rd5 42. Re7 Kf8 43. Ra7 Rd3+ 44. Kg4 Rd2 45. Kf3
Rd1 46. Ke4 Re1+ 47. Kf5 h5 48. Ra8+ Kf7 49. Ra7+ Kg8 50. Kg6 Kf8 51. Rf7+ Ke8
52. Rxg7 h4 53. Rg8+ Ke7 54. h3 Ke6 55. Kg5 Kf7 56. Rh8 Re2 57. Kxh4 Rxg2 58.
Rh5 Ke6 59. Rg5 Rxg5 60. Kxg5 e4 61. Kf4 Kd5 62. Ke3 Ke5 63. h4 Kf5 64. h5 Kg5
65. h6 Kxh6 66. Kd4 Kg6 67. Ke3 Kf5 68. Kf2 Kf4 69. Ke2 e3 70. Ke1 Kf3 71. Kf1
71... Kg3 {Game drawn by mutual agreement} 1/2-1/2